[Event "Olympiad Women 2024"]
[Site "Budapest HUN"]
[Date "2024.09.20"]
[Round "9.31"]
[Board "3"]
[White "Chong, Kimberly"]
[Black "Mogollon Tobar, Nicolle Julieth"]
[Result "1/2-1/2"]
[WhiteElo "1779"]
[BlackElo "2045"]
[PlyCount "80"]
[EventDate "2024.09.11"]
[WhiteTeam "Wales"]
[BlackTeam "Colombia"]
[WhiteTeamCountry "WLS"]
[BlackTeamCountry "COL"]

1. e4 e6 2. d4 d5 3. exd5 exd5 4. c4 Nf6 5. Nc3 Bb4 6. Nf3 O-O 7. Bg5 Bg4 ({RR} 7... Re8+ 8. Be2 dxc4 9. O-O Nc6 10. Bxc4 Bxc3 11. bxc3 Be6 12. d5 Na5 13. dxe6 Nxc4 14. exf7+ Kxf7 15. Qb3 Qd5 16. Rad1 Qc5 17. Be3 Rxe3 18. fxe3 b5 19. Rd4 Re8 20. Nd2 Rxe3 21. Nxc4 bxc4 22. Rxc4 {1-0 Murzin,V (2513)-Shahaliyev,I (2408) Titled Tuesday intern op 07th Sept blitz 2021 (11)}) ({RR} 7... Re8+ 8. Be2 dxc4 9. O-O Be6 10. Ne5 Nbd7 11. Nxc4 Nb6 12. Nxb6 axb6 13. Bd3 Be7 14. Bc2 Nd5 15. Bxe7 Nxe7 16. Qd2 c6 17. a3 Qd7 18. Rad1 Rad8 19. Rfe1 Bf5 20. Bb3 Be6 21. Bxe6 fxe6 22. Qc2 {1-0 Andrijevic,M (2125)-Davidov,L (1901) Serbia Open 2023 (8.74)}) 8. Be2 dxc4 9. O-O h6 10. Bxf6 $146 ({RR} 10. Be3 Nbd7 11. Bxc4 Nb6 12. Be2 Nbd5 13. Rc1 c6 14. a3 Bd6 15. Qd3 Nf4 16. Bxf4 Bxf4 17. Rcd1 Re8 18. Rfe1 Qd6 19. g3 Nh5 20. Ne4 Qg6 21. Nh4 Qe6 22. Bxg4 Qxg4 23. f3 Qd7 24. gxf4 Nxf4 {1-0 Rueda Zieniewicz,R-Carlino,E (1960) Posadas IRT 2005 (5)}) 10... Qxf6 11. Nd5 Qd6 12. Ne3 Bh5 13. a3 Ba5 14. Nxc4 Qd5 15. Ne3 Qd8 16. Qb3 Bb6 17. Rfd1 Nc6 18. Nc4 Bxf3 19. Bxf3 Nxd4 20. Qc3 Qf6 21. Nxb6 Nxf3+ 22. Qxf3 Qxb6 23. b4 Rad8 24. Re1 Rd6 25. Re7 Rf6 26. Qg3 c6 27. Rd1 Rd8 28. Red7 Re8 29. h3 a6 30. R1d4 Qb5 31. Rd8 Qe2 32. Rxe8+ Qxe8 33. Qd3 Qe1+ 34. Kh2 g6 35. Re4 Qxf2 36. Re8+ Kg7 37. Qd8 h5 38. Rh8 Qf4+ 39. Kh1 Rd6 40. Rg8+ Kh7 1/2-1/2

[Event "Olympiad Women 2024"]
[Site "Budapest HUN"]
[Date "2024.09.20"]
[Round "9.31"]
[Board "4"]
[White "Lopez Rayo, Isabella"]
[Black "Kong, Emma Zihan"]
[Result "1-0"]
[WhiteElo "1952"]
[BlackElo "1747"]
[PlyCount "83"]
[EventDate "2024.09.11"]
[WhiteTeam "Colombia"]
[BlackTeam "Wales"]
[WhiteTeamCountry "COL"]
[BlackTeamCountry "WLS"]

1. e4 c5 2. Nf3 d6 3. d4 cxd4 4. Nxd4 Nf6 5. Nc3 g6 6. Be3 Nc6 7. f3 e5 8. Nb3 Be6 9. Qd2 d5 10. exd5 Nxd5 11. Nxd5 Qxd5 12. Qxd5 Bxd5 13. O-O-O O-O-O 14. Nc5 $146 ({RR} 14. Bb5 a6 15. Be2 f6 16. c3 Be7 17. Rd2 Kc7 18. Rhd1 Bf7 19. Kc2 Rxd2+ 20. Nxd2 g5 21. a4 Bg6+ 22. Kc1 Rd8 23. Nc4 Rxd1+ 24. Kxd1 Bd8 25. b4 Ne7 26. Kd2 Nd5 27. a5 Nxe3 28. Nxe3 f5 {½-½ Erenberg,A (2366)-Fernandez,D (2481) Budapest Spring op 2017 (2)}) ({RR} 14. Bb5 a6 15. Bxc6 Bxc6 16. Rxd8+ Kxd8 17. Na5 Kc7 18. Nxc6 Kxc6 19. Rd1 Bd6 20. h3 f5 21. c4 Re8 22. Kc2 b5 23. cxb5+ axb5 24. a3 Ra8 25. Rd3 Ra4 26. Rc3+ Kd5 27. Rd3+ Kc6 28. Rc3+ Kd5 {½-½ Nayak,R (2185)-Clarke,B (2498) 9th Purtichju Open 2024 (7.5)}) 14... f5 15. c4 Bf7 16. Rxd8+ Nxd8 17. g4 Bxc5 18. Bxc5 fxg4 19. fxg4 Nc6 20. b3 b6 21. Be3 Rd8 22. Bg2 Nb4 23. Be4 Nxa2+ 24. Kb2 Nb4 25. Ra1 Nd3+ 26. Kc2 Nc5 27. Rxa7 Nxe4 28. Rxf7 Nc5 29. Rxh7 Nxb3 30. Bxb6 Nd4+ 31. Kd3 Rf8 32. Bxd4 exd4 33. h3 Rf4 34. Rh6 g5 35. Rh5 Kc7 36. Rxg5 Rf3+ 37. Kxd4 Rxh3 38. Kc5 Rh6 39. Rg7+ Kc8 40. g5 Re6 41. Kd5 Ra6 42. c5 1-0

[Event "Olympiad Women 2024"]
[Site "Budapest HUN"]
[Date "2024.09.20"]
[Round "9.32"]
[Board "1"]
[White "Miller, Rachel"]
[Black "Zhang, Jilin"]
[Result "0-1"]
[WhiteElo "1912"]
[BlackElo "2155"]
[PlyCount "138"]
[EventDate "2024.09.11"]
[WhiteTeam "Jamaica"]
[BlackTeam "Australia"]
[WhiteTeamCountry "JAM"]
[BlackTeamCountry "AUS"]

1. e4 c5 2. Nf3 e6 3. g3 Nc6 4. Bg2 Nf6 5. Qe2 d5 6. exd5 Nxd5 7. O-O Be7 8. Rd1 Qb6 9. c3 O-O 10. d4 cxd4 11. Nxd4 Nxd4 12. Rxd4 Bf6 13. Rd1 Rd8 ({RR} 13... Bd7 14. h4 Ba4 15. Re1 Rac8 16. Bg5 Bb5 17. Qd1 Rfd8 18. Qb3 h6 19. Bd2 Qa6 20. Na3 Ba4 21. Bf1 Qc6 22. Bb5 Bxb5 23. Qxb5 Qxb5 24. Nxb5 a6 25. Na3 b5 26. Rac1 Nb6 27. Nb1 Nc4 28. Rc2 {½-½ Fernandez,D (2519)-Leenhouts,K (2454) 26th HZ Open 2024 (6.3)}) 14. Na3 $146 ({RR} 14. Bxd5 exd5 15. Rxd5 Bh3 16. Rxd8+ Rxd8 17. Nd2 Bg5 18. Ne4 Qb5 19. Qe1 Bxc1 20. Qxc1 h6 21. f3 Qe2 22. Nf2 Rd2 23. Qe1 Qxf3 24. Qe8+ Kh7 25. Qe4+ Qxe4 26. Nxe4 Rg2+ 27. Kh1 Rxb2 28. Kg1 Rg2+ {0-1 Da Rocha,L (1677)-De Carvalho,V (1862) Osasco Carvalho Memorial 2022 (3)}) ({RR} 14. Nd2 Bd7 15. Ne4 Be7 16. c4 Nf6 17. Bg5 Bc6 18. Nxf6+ Bxf6 19. Bxf6 gxf6 20. Bxc6 Qxc6 21. b3 b6 22. Qg4+ Kf8 23. Qh4 Kg7 24. Qg4+ Kf8 25. Qh4 Kg7 26. Qg4+ Kf8 27. Qh4 {½-½ Timofeev,A (2549)-Pridorozhni,A (2565) RUS-chT rapid 2017 (8.3)}) 14... Bd7 15. c4 Ne7 16. Rb1 Nf5 17. Nc2 Bc6 18. Bxc6 Rxd1+ 19. Qxd1 Qxc6 20. Qe2 h5 21. h4 Rd8 22. Bf4 e5 23. Be3 Qe4 24. Re1 a6 25. Bb6 Qxe2 26. Rxe2 Rd1+ 27. Kg2 Nd4 28. Ne3 Ra1 29. Bxd4 exd4 30. Nd5 Rxa2 31. Nxf6+ gxf6 32. Kf3 f5 33. Kf4 a5 34. Ke5 d3 35. Rd2 a4 36. Kd4 a3 37. Kc3 axb2 38. Rxb2 Rxb2 39. Kxb2 Kg7 40. Kc3 Kf6 41. Kxd3 Ke5 42. f3 b6 43. Kc3 f4 44. g4 hxg4 45. fxg4 f3 46. Kd2 Kf4 47. h5 Kg3 48. h6 f2 49. h7 f1=Q 50. h8=Q Qxc4 51. Qg7 Qd5+ 52. Kc2 Qc5+ 53. Kd2 Qd6+ 54. Kc2 Qg6+ 55. Qxg6 fxg6 56. g5 Kf4 57. Kc3 Kxg5 58. Kb4 Kf4 59. Kb5 g5 60. Kxb6 g4 61. Ka7 g3 62. Kb8 g2 63. Ka8 g1=Q 64. Kb8 Qb6+ 65. Ka8 Qb5 66. Ka7 Ke5 67. Ka8 Kd6 68. Ka7 Kc7 69. Ka8 Qb7# 0-1

[Event "Olympiad Women 2024"]
[Site "Budapest HUN"]
[Date "2024.09.20"]
[Round "9.32"]
[Board "2"]
[White "Nguyen, Thu Giang"]
[Black "Brown, Raehanna"]
[Result "0-1"]
[WhiteElo "2068"]
[BlackElo "1910"]
[PlyCount "56"]
[EventDate "2024.09.11"]
[WhiteTeam "Australia"]
[BlackTeam "Jamaica"]
[WhiteTeamCountry "AUS"]
[BlackTeamCountry "JAM"]

1. e4 c5 2. Nf3 Nc6 3. Bb5 g6 4. O-O Bg7 5. c3 e5 6. d4 cxd4 7. cxd4 exd4 8. Bf4 Nge7 9. Bd6 O-O 10. a4 ({RR} 10. Na3 b6 11. Nc2 Bb7 12. Re1 Re8 13. Qd2 a6 14. Bc4 b5 15. Bb3 Na5 16. Ncxd4 Nxb3 17. Nxb3 Nc8 18. Nc5 Bc6 19. Bf4 Nb6 20. Bg5 Qc7 21. Bf4 Qa7 22. b3 Nc4 23. bxc4 Qxc5 24. cxb5 Bxa1 {0-1 Sjugirov,S (2665)-Pigusov,E (2555) Wch Blitz Moscow 2019 (8)}) ({RR} 10. e5 Re8 11. Bc4 Nf5 12. Re1 a6 13. Nbd2 b5 14. Bd5 Nxd6 15. exd6 Bb7 16. Ne4 Qb6 17. Bxf7+ Kxf7 18. Qb3+ Re6 19. Neg5+ Kg8 20. Rxe6 {1-0 Ozates,T (2290)-Sukandar,I (2349) Titled Tue 2nd Jan Late 2024 (11)}) 10... h6 11. Nbd2 Re8 $146 ({RR} 11... a6 12. Bc4 Kh7 13. Re1 Na5 14. Bd5 Nxd5 15. Bxf8 Qxf8 16. exd5 Qd6 17. Nb3 Nxb3 18. Qxb3 b6 19. Rad1 Qc5 20. d6 Bb7 21. Qxf7 Bxf3 22. Re7 Rg8 23. gxf3 d3 24. Rxd3 Qc1+ 25. Kg2 Qg5+ 26. Kf1 {1-0 Popov,S (2340)-Rodic,D (2350) YUG-ch Kladovo 1992 (9)}) 12. Bc4 Na5 13. Ba2 Qb6 14. e5 Qxb2 15. Ne4 Nf5 16. Ba3 Qb6 17. g4 d5 18. Bxd5 Ne7 19. Nd6 Nxd5 20. Nxe8 Bxg4 21. Nxg7 Nc3 22. Qd3 Kxg7 23. Bd6 Bf5 24. Qd2 Be4 25. Kg2 Bxf3+ 26. Kxf3 Qc6+ 27. Kf4 g5+ 28. Kg4 Qg2+ 0-1

[Event "Olympiad Women 2024"]
[Site "Budapest HUN"]
[Date "2024.09.20"]
[Round "9.32"]
[Board "3"]
[White "Watson, Gabriella"]
[Black "Shen, Zhiyuan"]
[Result "0-1"]
[WhiteElo "1826"]
[BlackElo "1969"]
[PlyCount "170"]
[EventDate "2024.09.11"]
[WhiteTeam "Jamaica"]
[BlackTeam "Australia"]
[WhiteTeamCountry "JAM"]
[BlackTeamCountry "AUS"]

1. d4 Nf6 2. Bf4 c5 3. e3 g6 4. Nc3 Bg7 5. d5 ({RR} 5. Nf3 O-O 6. h3 cxd4 7. exd4 d6 8. Be2 Nbd7 9. O-O a6 10. a4 b6 11. Nd2 Bb7 12. Bf3 Qc7 13. Re1 Rfe8 14. Bg5 Rac8 15. Bxb7 Qxb7 16. Qf3 Qxf3 17. Nxf3 h6 18. Bxf6 Nxf6 19. Ra3 Kf8 {0-1 Moroni,L (2530)-Andreikin,D (2726) Titled Tuesday intern op 3rd March blitz 2020 (7)}) 5... d6 ({RR} 5... O-O 6. Bc4 d6 7. Nge2 a6 8. a4 Nh5 9. Bg3 Nd7 10. O-O Nxg3 11. hxg3 Ne5 12. b3 Bd7 13. f4 Ng4 14. Qd3 Rb8 15. a5 f5 16. Ra2 Kh8 17. e4 Qe8 18. Qf3 Qf7 19. Bd3 Bf6 20. exf5 {0-1 Arnold,K-Janaszak,D (2308) Titled Tue 11th Jun Late 2024 (3)}) 6. e4 O-O 7. Qd2 Qb6 $146 ({RR} 7... Qa5 8. Be2 Qb4 9. Bf3 Nh5 10. Bxh5 Qxb2 11. Rb1 Qxc3 12. Bf3 Nd7 13. Ne2 Qxd2+ 14. Kxd2 Ne5 15. Bxe5 Bxe5 16. Nc3 Rb8 17. a4 Bd7 18. a5 b5 19. axb6 axb6 20. Nb5 e6 21. c4 exd5 22. cxd5 {0-1 Sanjay,C (1912)-Safin,S (2493) New Delhi Parsvnath op 6th 2008 (1)}) 8. Rb1 Qa5 9. f3 a6 10. Bd3 b5 11. a3 Nbd7 12. Kf1 Qc7 13. Bh6 Ne5 14. h4 Nh5 15. Rh2 f5 16. Bxg7 Kxg7 17. exf5 Nxd3 18. cxd3 Bxf5 19. Nge2 c4 20. Ne4 Kg8 21. Kg1 Qb6+ 22. d4 Qb7 23. N2c3 Nf6 24. Nxf6+ exf6 25. Re1 Rae8 26. g4 Rxe1+ 27. Qxe1 Bc8 28. Re2 Qa7 29. Qd2 f5 30. g5 Qf7 31. Qe3 Qg7 32. f4 Bd7 33. Qf2 Re8 34. Rxe8+ Bxe8 35. Qe3 Bd7 36. Kg2 a5 37. a4 bxa4 38. Kg3 Kf8 39. Ne2 Qf7 40. Nc3 Qg7 41. Kf3 Be8 42. Qe6 Qxd4 43. Qxd6+ Kg8 44. Qe5 Qd3+ 45. Qe3 Qf1+ 46. Kg3 Kf8 47. d6 Qd3 48. Qxd3 cxd3 49. Kf2 Bc6 50. Ke3 Ke8 51. Kxd3 Kd7 52. Kc4 Kxd6 53. Nb5+ Bxb5+ 54. Kxb5 Kd5 55. Kxa4 Ke4 56. Kxa5 Kxf4 57. b4 Kg4 58. b5 f4 59. b6 f3 60. b7 f2 61. b8=Q f1=Q 62. Qb4+ Qf4 63. Qe1 Kh5 64. Qe7 Kxh4 65. Qxh7+ Kxg5 66. Qe7+ Kg4 67. Qe2+ Kh4 68. Qe1+ Kh5 69. Qh1+ Qh4 70. Qf3+ Qg4 71. Qh1+ Kg5 72. Qc1+ Qf4 73. Qg1+ Kf5 74. Qb1+ Qe4 75. Qf1+ Ke5 76. Qf8 g5 77. Qe7+ Kf4 78. Qd8 g4 79. Qd2+ Qe3 80. Qh2+ g3 81. Qh4+ Kf3 82. Qh3 Qg5+ 83. Kb6 Kf2 84. Qh1 g2 85. Qh2 Qg3 0-1

[Event "Olympiad Women 2024"]
[Site "Budapest HUN"]
[Date "2024.09.20"]
[Round "9.32"]
[Board "4"]
[White "Vincent, Alaina"]
[Black "McKoy, Arielle"]
[Result "1-0"]
[WhiteElo "1976"]
[BlackElo "1442"]
[PlyCount "159"]
[EventDate "2024.09.11"]
[WhiteTeam "Australia"]
[BlackTeam "Jamaica"]
[WhiteTeamCountry "AUS"]
[BlackTeamCountry "JAM"]

1. e4 e5 2. Nf3 Nc6 3. Bc4 Bc5 4. c3 Nf6 5. d3 h6 6. O-O O-O 7. Re1 d6 8. a4 a6 9. b4 ({RR} 9. Na3 Ba7 10. Nc2 Ne7 11. h3 Ng6 12. a5 Re8 13. Be3 Be6 14. Bxe6 Rxe6 15. Bxa7 Rxa7 16. Ne3 Qd7 17. Qb3 Re8 18. Rad1 Qe6 19. Qb4 Ne7 20. Qa4 Raa8 21. Qc2 Ng6 22. Nf5 d5 23. g3 Rad8 {0-1 Caruana,F (2804)-Aronian,L (2792) Paris GCT blitz 2016 (14)}) ({RR} 9. h3 Ne7 10. Nbd2 Ng6 11. Nf1 c6 12. Bb3 Bb6 13. Ng3 d5 14. exd5 Nxd5 15. a5 Bc7 16. d4 exd4 17. Nxd4 Bd7 18. Ngf5 Ndf4 19. Bxf4 Bxf4 20. Qg4 Bg5 21. f4 c5 22. fxg5 cxd4 23. gxh6 Qf6 {0-1 Falkevall,A (2284)-Acikel,M (2244) Titled Tue 16th Apr Early 2024 (6)}) 9... Ba7 10. Nbd2 $146 ({RR} 10. h3 Be6 11. Bb3 Bxb3 12. Qxb3 Re8 13. Ra2 b5 14. Na3 Qb8 15. Be3 Bxe3 16. Rxe3 Qb7 17. Nh4 Nxb4 18. cxb4 {0-1 Hernandez Moya,Y (2219)-Arribas Robaina,M (2228) Capablanca Memorial Premier 55th 2022 (2)}) ({RR} 10. a5 Bg4 11. h3 Bh5 12. Nbd2 Ne7 13. Nf1 d5 14. exd5 Nexd5 15. Bxd5 Qxd5 16. c4 Qd4 17. Nxd4 Bxd1 18. Nf5 Bc2 19. Rxe5 Bxd3 20. c5 b6 21. Nxh6+ gxh6 22. Bxh6 Rfe8 23. Rg5+ Kh7 24. Bg7 Ne4 {0-1 Salvadego,E (1102)-Schilive,G (1800) Curitiba Sul Region-ch 2017 (3)}) 10... Bd7 11. Nf1 b5 12. Bb3 Ne7 13. Ng3 Ng6 14. Nf5 Kh7 15. Be3 Qc8 16. Bxa7 Rxa7 17. axb5 Bxb5 18. Ba4 Bd7 19. Bxd7 Qxd7 20. Ra5 Rb8 21. Qa1 Rb6 22. Rb1 c6 23. c4 Nf4 24. Ra3 g6 25. Nxd6 Qg4 26. Ne1 Ne2+ 27. Kf1 Nd4 28. Qa2 Kg7 29. h3 Qe6 30. c5 Qxa2 31. Rxa2 Rb8 32. Nc4 Nd7 33. Rab2 g5 34. Nf3 Nxf3 35. gxf3 h5 36. Ke2 h4 37. Ke3 f6 38. Kd2 Kf7 39. Kc3 Ke6 40. Ra1 Rbb7 41. Rba2 Nb8 42. Nd6 Rg7 43. Rd1 Rad7 44. Rad2 Rd8 45. Nf5 Rgd7 46. f4 Kf7 47. fxe5 fxe5 48. Nd6+ Ke7 49. Rg1 Kf6 50. f3 Rg7 51. Rdg2 Rdg8 52. d4 Ke6 53. Nf5 Rd7 54. Rxg5 Rxg5 55. Rxg5 Kf6 56. Rh5 exd4+ 57. Nxd4 Rg7 58. Rxh4 Rg3 59. Rf4+ Kg5 60. Rg4+ Rxg4 61. fxg4 Nd7 62. Nxc6 Nf6 63. Kd4 Kh4 64. e5 Nh7 65. e6 Nf6 66. Ke5 Kg5 67. h4+ Kg6 68. g5 Ne8 69. Ne7+ Kg7 70. h5 a5 71. bxa5 Kf8 72. Nf5 Ng7 73. Nxg7 Kxg7 74. Kd6 Kf8 75. Kd7 Kg8 76. e7 Kh7 77. e8=Q Kg7 78. h6+ Kh7 79. Qf7+ Kh8 80. Qg7# 1-0

[Event "Olympiad Women 2024"]
[Site "Budapest HUN"]
[Date "2024.09.20"]
[Round "9.33"]
[Board "1"]
[White "Castillo Beitia, Ashley Alexandra"]
[Black "Goossens, Hanne"]
[Result "1/2-1/2"]
[WhiteElo "2071"]
[BlackElo "2189"]
[PlyCount "87"]
[EventDate "2024.09.11"]
[WhiteTeam "Panama"]
[BlackTeam "Belgium"]
[WhiteTeamCountry "PAN"]
[BlackTeamCountry "BEL"]

1. d4 d5 2. Bf4 c5 3. e3 Nc6 4. c3 Bf5 5. Qb3 Qd7 6. Nd2 e6 7. Ngf3 f6 8. Be2 $146 ({RR} 8. h3 Bd6 9. Bxd6 Qxd6 10. Bb5 Nge7 11. O-O O-O 12. Nh4 a6 13. Nxf5 Nxf5 14. dxc5 Qxc5 15. Bd3 Nxe3 16. Rfe1 Na5 17. Qa4 Nec4 18. Bxc4 Nxc4 19. Nxc4 dxc4 20. Rxe6 b5 21. Qc2 Rfe8 22. Rae1 Rxe6 {0-1 Palkovich,D (2190)-Shahade,G (2476) Titled Tuesday intern op 12th May blitz 2020 (2)}) ({RR} 8. h3 Nge7 9. Be2 Ng6 10. Bg3 c4 11. Qa4 a6 12. Bxc4 dxc4 13. e4 b5 14. Qc2 Be7 15. exf5 exf5 16. O-O O-O 17. Nh4 Nxh4 18. Bxh4 Bd6 19. f3 Ne7 20. Rfe1 Nd5 21. Nf1 Nf4 22. Ne3 Nd3 {0-1 Lorenzo Ventura,A (1772)-Perez Bolanos,D (2053) 16th Montalvo Mem 2024 (3.21)}) ({RR} 8. h3 c4 9. Qb5 a6 10. Qb6 Be7 11. Qc7 g5 12. Bh2 Qxc7 13. Bxc7 b5 14. g4 Bg6 15. a3 h5 16. Bg2 hxg4 17. hxg4 Rxh1+ 18. Bxh1 Nh6 19. Nh2 Kd7 20. Bg3 a5 21. e4 dxe4 22. a4 b4 {1-0 Rastbod,A (2256)-Zhong,K (2143) Titled Tue 11th Jul Late 2023 (1)}) 8... Bg6 9. O-O c4 10. Qd1 Bd6 11. Bg3 Nge7 12. b3 cxb3 13. axb3 O-O 14. Nh4 Bf7 15. Bd3 Ng6 16. Qb1 Nxh4 17. Bxh4 f5 18. f4 Rfc8 19. g4 g6 20. g5 Be7 21. Be1 Be8 22. h4 Bf7 23. Kg2 Bf8 24. Nf3 Bg7 25. Rh1 Qe7 26. Qd1 Qd7 27. Qb1 Qe7 28. Qd1 Qd7 29. Qe2 Qe7 30. Bd2 Bf8 31. Nh2 Bg7 32. Nf1 Qd7 33. Ng3 Bf8 34. Qf2 Rc7 35. Be2 Be8 36. Rh2 Bg7 37. h5 gxh5 38. Bxh5 Bg6 39. Bxg6 hxg6 40. Ne2 Ne7 41. Rah1 Qb5 42. Nc1 Rac8 43. Kf3 Kf7 44. Rh7 1/2-1/2

[Event "Olympiad Women 2024"]
[Site "Budapest HUN"]
[Date "2024.09.20"]
[Round "9.33"]
[Board "2"]
[White "Vanduyfhuys, Daria"]
[Black "Chung Hurtado, Yaleika"]
[Result "1-0"]
[WhiteElo "2112"]
[BlackElo "1832"]
[PlyCount "109"]
[EventDate "2024.09.11"]
[WhiteTeam "Belgium"]
[BlackTeam "Panama"]
[WhiteTeamCountry "BEL"]
[BlackTeamCountry "PAN"]

1. d4 d5 2. c4 c6 3. Nf3 Nf6 4. Nc3 a6 5. cxd5 cxd5 6. h3 g6 7. Bf4 Nc6 8. e3 Bg7 9. Bd3 O-O 10. Ne5 ({RR} 10. a3 Bf5 11. Bxf5 gxf5 12. g4 Qd7 13. Rg1 fxg4 14. hxg4 Ne4 15. Nxe4 dxe4 16. Nd2 e5 17. dxe5 Nxe5 18. Bxe5 Bxe5 19. Nxe4 Qc6 20. Qb1 Rac8 21. Ng5 Qg6 22. Qxg6+ hxg6 23. Rb1 Rc2 24. a4 Rd8 {1-0 Jeet,J (2320)-Hnatyshyn,A (2152) Titled Tue 9th Jan Early 2024 (3)}) 10... Qb6 ({RR} 10... Nxe5 11. Bxe5 b5 12. Qb3 Be6 13. a4 Ne4 14. Bxg7 Kxg7 15. Bxe4 dxe4 16. d5 Bd7 17. O-O bxa4 18. Nxa4 Bxa4 19. Rxa4 f5 20. Rc1 Rf6 21. Rb4 Rc8 22. Rxc8 Qxc8 23. Rb7 Qc1+ 24. Kh2 Qc5 25. Rd7 {½-½ Sumets,A (2604)-Skembris,S (2475) Milan Crespi op-A 30th 2009 (7)}) 11. Qd2 $146 ({RR} 11. a3 Re8 12. O-O Nd7 13. Nxd5 Qxb2 14. Nxc6 e5 15. Nxe5 Nxe5 16. dxe5 Bxe5 17. Nc7 Bxc7 18. Bxc7 Re7 19. Bf4 Rd7 20. Qc2 Qf6 21. Be4 Re7 22. Rfd1 Be6 23. Bd5 Bxd5 24. Rxd5 Qxa1+ 25. Kh2 Qxa3 {1-0 Duenas,A (1922)-Chobot,S Stockholm Elo op 2009 (8)}) 11... e6 12. Na4 Qb4 13. Qxb4 Nxb4 14. Nb6 Ra7 15. Ke2 Nh5 16. Bh2 Nc6 17. g4 Bxe5 18. Bxe5 Ng7 19. Bd6 Rd8 20. Bc5 Bd7 21. Nxd7 Rxd7 22. Bxa7 Nxa7 23. Rhc1 Ne8 24. Rc3 Kf8 25. b4 Ke7 26. a4 Nd6 27. h4 Kd8 28. h5 Ke7 29. Rac1 Kd8 30. Rh1 Ke7 31. hxg6 hxg6 32. Rh7 Kf6 33. f4 Ne4 34. Bxe4 dxe4 35. g5+ Ke7 36. Rh8 Kd6 37. Rf8 Nc6 38. Rb3 Rc7 39. Rb2 Ke7 40. Rh8 Na7 41. Kd2 b5 42. axb5 Nxb5 43. Rc2 Ra7 44. Rhc8 Kd7 45. R8c5 Nc7 46. Ra2 Nd5 47. b5 a5 48. Rc4 Nb6 49. Rc6 Nd5 50. Ra6 Rc7 51. R2xa5 Rc3 52. Ra7+ Ke8 53. Ra8+ Ke7 54. R5a7+ Rc7 55. b6 1-0

[Event "Olympiad Women 2024"]
[Site "Budapest HUN"]
[Date "2024.09.20"]
[Round "9.33"]
[Board "3"]
[White "Caicedo Rios, Layla Yasmira"]
[Black "De Rycke, Tyani"]
[Result "0-1"]
[WhiteElo "1803"]
[BlackElo "2110"]
[PlyCount "77"]
[EventDate "2024.09.11"]
[WhiteTeam "Panama"]
[BlackTeam "Belgium"]
[WhiteTeamCountry "PAN"]
[BlackTeamCountry "BEL"]

1. e4 c5 2. Nf3 Nc6 3. d4 cxd4 4. Nxd4 Nf6 5. Nc3 e5 6. Ndb5 d6 7. Bg5 a6 8. Na3 b5 9. Nd5 Be7 10. Bxf6 Bxf6 11. c3 O-O 12. Nc2 Rb8 13. Be2 Be7 $146 ({RR} 13... Be6 14. Nxf6+ gxf6 15. Ne3 Ne7 16. Qd3 d5 17. Rd1 dxe4 18. Qxe4 Qc7 19. Qh4 Rb6 20. Ng4 Bxg4 21. Qxg4+ Ng6 22. h4 Qc8 23. h5 Qxg4 24. Bxg4 Ne7 25. Rd7 Re8 26. Rh3 f5 27. Bd1 Kg7 28. Bb3 {1-0 Kardys,Z-Liszka,Z Bydgoszcz-A 1978 (11)}) ({RR} 13... a5 14. Qd3 Bg5 15. Rd1 Be6 16. Nce3 g6 17. O-O Qd7 18. Kh1 Kg7 19. a3 b4 20. axb4 axb4 21. Nc4 bxc3 22. bxc3 Rfd8 23. Qg3 Bh6 24. Ncb6 Qb7 25. Qh4 Rf8 26. Nc4 f6 27. Nxd6 Qb2 28. Nc7 {1-0 Lanka,Z (2420)-Dvoirys,S (2440) URS Club Cup 1st 1988}) ({RR} 13... a5 14. O-O {½-½ Enchev,I (2410)-Spasov,V (2432) 4th Haralampi Vanev Mem 2024 (7.1)}) ({RR} 13... Ne7 14. O-O Nxd5 15. exd5 a5 16. Bg4 Ba6 17. Be2 Qb6 18. Ne3 Bg5 19. Qd3 e4 20. Qxe4 Rfe8 21. Qd4 Qxd4 22. cxd4 Bxe3 23. fxe3 Rxe3 24. Kf2 Rbe8 25. Rfe1 g6 26. g3 Kg7 27. Bd3 Rxe1 28. Rxe1 {1-0 Cuartas,C (2435)-Wietor,H Olympiad-25 Luzern 1982 (3)}) 14. O-O Be6 15. Nce3 Bg5 16. Qc2 Ne7 17. Rfd1 Bxe3 18. Nxe3 Qb6 19. Rd2 Rfd8 20. Rad1 Rbc8 21. Bg4 Bxg4 22. Nxg4 Qc5 23. Qd3 Ng6 24. Qg3 b4 25. Ne3 bxc3 26. Rc2 Qb4 27. Qg4 h5 28. bxc3 Rxc3 29. Qe2 Rxc2 30. Qxc2 Rb8 31. Qc4 Qxc4 32. Nxc4 Rc8 33. Ne3 Nf4 34. Rxd6 Ne2+ 35. Kf1 Nd4 36. Ke1 a5 37. Rd5 Rc1+ 38. Kd2 Ra1 39. Rxe5 0-1

[Event "Olympiad Women 2024"]
[Site "Budapest HUN"]
[Date "2024.09.20"]
[Round "9.33"]
[Board "4"]
[White "Dierckens, Sarah"]
[Black "Carrillo Marval, Maria Angelica"]
[Result "1-0"]
[WhiteElo "1943"]
[BlackElo "1795"]
[PlyCount "75"]
[EventDate "2024.09.11"]
[WhiteTeam "Belgium"]
[BlackTeam "Panama"]
[WhiteTeamCountry "BEL"]
[BlackTeamCountry "PAN"]

1. e4 c5 2. Nf3 d6 3. d4 cxd4 4. Nxd4 Nf6 5. Nc3 g6 6. Be3 Bg7 7. f3 O-O 8. Qd2 Nc6 9. O-O-O d5 10. exd5 Nxd5 11. Nxc6 bxc6 12. Bd4 e5 13. Bc5 Be6 14. Ne4 Re8 15. h4 h6 16. g4 f5 ({RR} 16... Nf4 17. Qxd8 Rexd8 18. Ba6 Rdb8 19. b3 Bf8 20. Bxf8 Kxf8 21. Nc5 Rb6 22. Rhe1 f6 23. Nxe6+ Nxe6 24. Bc4 Nd4 25. f4 Nf3 26. Re3 Nxh4 27. fxe5 f5 28. Rh3 g5 29. gxf5 Kg7 30. Rd7+ Kh8 31. f6 {1-0 Womacka,M (2363)-Schut,H (2091) Titled Tue 5th Mar Late 2024 (4)}) 17. gxf5 gxf5 18. Nd6 Re7 ({RR} 18... Rf8 19. Ba6 Qf6 20. Rdg1 Kh7 21. h5 Nf4 22. Nc4 Rfd8 23. Qe1 Bh8 24. Bb4 Rd4 25. Ne3 Rb8 26. a3 Bf7 27. Bc3 c5 28. Bf1 Qe6 29. b3 Qf6 30. Bh3 Be6 31. Rh2 Rxb3 32. Rg6 Rxc3 33. Qxc3 {0-1 Piorun,K (2681)-Cubas,J (2470) Olympiad-42 Baku 2016 (6.3)}) 19. Rg1 $146 ({RR} 19. Bh3 Qd7 20. c4 Nf4 21. Bxf5 Bxf5 22. Nxf5 Qxd2+ 23. Rxd2 Rf7 24. Nd6 Rd7 25. Ne4 Nd3+ 26. Kc2 Nxc5 27. Nxc5 Rxd2+ 28. Kxd2 e4 29. Nxe4 Bxb2 30. Rb1 Bd4 31. Ke2 Rf8 32. Rb7 Rf4 33. Rd7 Bg1 {1-0 Gavrilin,R (1923)-Syrchikov,A (2399) Moscow op-A 14th 2018 (5)}) 19... Kh8 20. Bh3 Rd7 21. Rg6 Nf4 22. Rxg7 Kxg7 23. Bxf5 Rxd6 24. Bxd6 Qf6 25. Bxe6 Qxe6 26. Qe3 Kf6 27. Qc5 Re8 28. Qxc6 Ne2+ 29. Kb1 Nf4 30. Bxe5+ Kxe5 31. Re1+ Kf5 32. Rxe6 Rxe6 33. Qc5+ Kf6 34. a3 a6 35. Qf8+ Ke5 36. Qb4 Nd5 37. Qc5 Rd6 38. c4 1-0

[Event "Olympiad Women 2024"]
[Site "Budapest HUN"]
[Date "2024.09.20"]
[Round "9.34"]
[Board "1"]
[White "Sulyok, Eszter"]
[Black "Gomez Barrera, Javiera Belen"]
[Result "0-1"]
[WhiteElo "2080"]
[BlackElo "2123"]
[PlyCount "92"]
[EventDate "2024.09.11"]
[WhiteTeam "Hungary C"]
[BlackTeam "Chile"]
[BlackTeamCountry "CHI"]

1. c4 g6 2. d4 Bg7 3. Nc3 Nf6 4. e4 d6 5. h3 O-O 6. Be3 a5 ({RR} 6... a6 7. Nf3 Nbd7 8. g4 c5 9. Be2 b6 10. Qd2 Bb7 11. d5 b5 12. cxb5 axb5 13. Bxb5 Nb6 14. O-O e6 15. Bc6 Bxc6 16. dxc6 Nc4 17. Qe2 Nxe3 18. Qxe3 Qb6 19. e5 Nd5 20. Nxd5 exd5 21. exd6 {½-½ Riazantsev,A (2678)-Fedoseev,V (2677) Moscow-ch blitz 68th 2014 (15)}) 7. g4 a4 8. Bg2 $146 ({RR} 8. Nge2 c5 9. g5 Nfd7 10. Rc1 Nc6 11. d5 Nde5 12. Ng1 Na5 13. Nb5 e6 14. f4 Nexc4 15. Rxc4 Nxc4 16. Bxc4 exd5 17. exd5 Bd7 18. Qd3 Ra5 19. Kf1 Qb6 20. Na3 Qxb2 21. Bd2 b5 22. Bxa5 bxc4 {0-1 Assaubayeva,B (2436)-Aryan,C (2610) Novi Sad Serbia op-A 2022 (4)}) ({RR} 8. g5 Nfd7 9. Nxa4 c5 10. Ne2 Nc6 11. Nac3 Qb6 12. Nb5 cxd4 13. Nexd4 Nc5 14. Bg2 Ne5 15. Qe2 Ned3+ 16. Kf1 Bd7 17. Rd1 Bxd4 18. Nxd4 e5 19. Nb3 Nf4 20. Qd2 Nxb3 21. Bxb6 Nxd2+ 22. Rxd2 Rxa2 {0-1 Melillo,L (2297)-Sai,K (2404) AGCA Spring Inv GM 2024 (8.1)}) ({RR} 8. Nge2 a3 9. b3 c5 10. Rc1 Nc6 11. Bg2 Qa5 12. d5 Nb4 13. O-O Bd7 14. Qd2 b5 15. cxb5 Ne8 16. f4 Nc7 17. e5 Bxb5 18. Nxb5 Qxb5 19. Nc3 Qd3 20. Rfd1 Qxd2 21. Rxd2 Ra5 22. Na4 Rc8 {1-0 Kaliakhmet,E (2137)-Assaubayeva,B (2470) FIDE World Rapid Team 2024 (12.35)}) 8... c5 9. Nge2 Qa5 10. O-O cxd4 11. Bxd4 Nc6 12. Nd5 Nxd4 13. Nxe7+ Kh8 14. Nxd4 Bd7 15. Nb5 Bxb5 16. cxb5 Qxb5 17. Rb1 Rfe8 18. Nd5 Nxd5 19. Qxd5 Qxd5 20. exd5 Re2 21. Rfe1 Rxb2 22. Rxb2 Bxb2 23. Re7 Rb8 24. Rxf7 b5 25. Ra7 Bd4 26. Ra5 Rf8 27. Rxb5 Rxf2 28. Ra5 Rxa2+ 29. Kh2 g5 30. Kg3 Bf2+ 31. Kf3 Bc5 32. Bh1 a3 33. Ke4 Rd2 34. Kf5 a2 35. Ke6 Bd4 36. Rb5 a1=Q 37. Rb8+ Kg7 38. Rb7+ Kh6 39. Be4 Bg7 40. Bf5 Qe5+ 41. Kd7 Qxd5 42. Rc7 Rb2 43. Be6 Qb5+ 44. Ke7 Re2 45. Kf7 Qe5 46. Re7 Qf6+ 0-1